<?xml version="1.0" encoding="UTF-8"?>
<marc:record xmlns:marc="http://www.loc.gov/MARC21/slim">
   <marc:leader>00000nam a2200000 a 4500</marc:leader>
   <marc:datafield ind1="1" ind2=" " tag="100">
      <marc:subfield code="a">Kegel, Bernhard</marc:subfield>
      <marc:subfield code="4">aut</marc:subfield>
      <marc:subfield code="e">Verfasser/-in</marc:subfield>
   </marc:datafield>
   <marc:datafield ind1=" " ind2=" " tag="653">
      <marc:subfield code="a">Stadt</marc:subfield>
   </marc:datafield>
   <marc:datafield ind1=" " ind2=" " tag="653">
      <marc:subfield code="a">Wildtiere</marc:subfield>
   </marc:datafield>
   <marc:datafield ind1=" " ind2=" " tag="653">
      <marc:subfield code="a">Stadtökologie</marc:subfield>
   </marc:datafield>
   <marc:datafield ind1=" " ind2=" " tag="653">
      <marc:subfield code="a">Wildnis</marc:subfield>
   </marc:datafield>
   <marc:datafield ind1=" " ind2=" " tag="653">
      <marc:subfield code="a">Stadtnatur</marc:subfield>
   </marc:datafield>
   <marc:datafield ind1=" " ind2=" " tag="653">
      <marc:subfield code="a">Softcover / Sachbücher/Natur</marc:subfield>
   </marc:datafield>
   <marc:datafield ind1=" " ind2=" " tag="653">
      <marc:subfield code="a">Technik/Naturwissenschaft</marc:subfield>
   </marc:datafield>
   <marc:datafield ind1="0" ind2="0" tag="245">
      <marc:subfield code="a">Tiere in der Stadt</marc:subfield>
   </marc:datafield>
   <marc:datafield ind1="0" ind2="0" tag="245">
      <marc:subfield code="b">eine Naturgeschichte</marc:subfield>
   </marc:datafield>
   <marc:datafield ind1="0" ind2="0" tag="245">
      <marc:subfield code="c">Bernhard Kegel</marc:subfield>
   </marc:datafield>
   <marc:datafield ind1=" " ind2="1" tag="264">
      <marc:subfield code="a">Köln</marc:subfield>
      <marc:subfield code="b">DuMont</marc:subfield>
      <marc:subfield code="c">2013</marc:subfield>
   </marc:datafield>
   <marc:datafield ind1=" " ind2=" " tag="250">
      <marc:subfield code="a">1. Aufl.</marc:subfield>
   </marc:datafield>
   <marc:datafield ind1="1" ind2=" " tag="520">
      <marc:subfield code="a">Angaben aus der Verlagsmeldung

Tiere in der Stadt : Eine Naturgeschichte Kegel, Tiere in der Stadt Kegel, Tiere in der Stadt / von Bernhard Kegel

Graureiher jagen neben einer Berliner U-Bahn-Station, Füchse dösen im Kölner Klingelpützpark in der Sonne, und vom Aussterben bedrohte Graukopf-Flughunde hängen in den Bäumen nahe der Oper von Sydney. Unübersehbar drängt die Wildnis in die Städte, ehemals scheue Tierarten werden Teil der Stadtnatur. Dabei findet sich zwischen Stein, Beton und Asphalt eine erstaunliche Vielfalt der Arten. Nirgendwo lassen sich so viele heimische Vogelarten (mehr als 150) auf so kleiner Fläche beobachten wie in Berlin – schon gar nicht in der viel gerühmten, aber intensiv genutzten freien Natur. Wie ist das zu erklären? Sind unsere Städte zu Oasen aufgeblüht, während das Land ringsherum zur Agrarwüste verkommt? Was sagt diese Vielfalt über die Qualität der Lebensräume in Stadt und Land aus? Was müssen Tiere mitbringen und wie müssen sie sich verändern, um in unserer Nachbarschaft überleben zu können? Und wie beeinflussen diese Begegnungen unseren Umgang mit der Natur?
Mit eindrucksvollen, höchst anschaulich erzählten Geschichten nimmt uns Bernhard Kegel mit auf Forschungsreise in die Stadtnatur und öffnet unsere Augen für die Wildnis vor unserer Haustür.
</marc:subfield>
   </marc:datafield>
   <marc:datafield ind1=" " ind2=" " tag="020">
      <marc:subfield code="a">9783832197186</marc:subfield>
      <marc:subfield code="9">9783832197186</marc:subfield>
   </marc:datafield>
   <marc:datafield ind1=" " ind2=" " tag="020">
      <marc:subfield code="a">3832197184</marc:subfield>
      <marc:subfield code="9">3832197184</marc:subfield>
   </marc:datafield>
   <marc:datafield ind1=" " ind2=" " tag="041">
      <marc:subfield code="a">ger</marc:subfield>
   </marc:datafield>
   <marc:datafield ind1=" " ind2=" " tag="300">
      <marc:subfield code="a">477 S.</marc:subfield>
   </marc:datafield>
</marc:record>
